Obras de Shakespeare - ¡Muerte Súbita! - Estadísticas

Estadísticas generales
  • Esta prueba ha sido intentada 130 veces
  • La puntuación promedio es 8 de 20
Answers on the Grid
Answers color-coded by a green-red scale on the quiz's grid according to % correct below.
Alejandro Magno
Antonio y Cleopatra
Como gusteís
Coriolano
De ratones y hombres
Édipo rey
El carnicero feliz
El oro te engendra
El pozo y el péndulo
El Rey Juan
El Rey Júpiter
El Rey Lear
Enrique Hijo
Enrique V
Enrique VIII
Enrique X
Hamlet
Hércules Eteo
Julio César
La Divina Comedia
La fierecilla domada
La tempestad
Los piratas de Penzance
Macbeth
Mucho ruido y pocas nueces
Muerte por mil azotes
Noche de Reyes
Othello
Ozymandias
Pigmalión
Ricardo III
Romeo y Julieta
Sueño de una noche de verano
Timón de Atenas
Trabajos de amor perdidos
 
Estadísticas de respuestas
Respuesta % Correcto
Romeo y Julieta
89%
Hamlet
83%
Macbeth
74%
Othello
60%
Sueño de una noche de verano
54%
Antonio y Cleopatra
49%
Enrique VIII
47%
El Rey Lear
42%
Julio César
40%
Mucho ruido y pocas nueces
37%
Enrique V
35%
Ricardo III
35%
La tempestad
33%
La fierecilla domada
32%
Noche de Reyes
28%
El Rey Juan
22%
Trabajos de amor perdidos
20%
Coriolano
18%
Como gusteís
15%
Timón de Atenas
13%
No se encontraron pruebas coincidentes
Distribución de puntuación
Porcentaje de gente con cada puntuación
Porcentaje por número respondido
Historial de tus puntuaciones
No has intentado esta prueba.